00964nam a2200277Ia 4500001000700000003000500007008004100012010001100053020002200064040000900086082001600095100002300111245014500134250003000279260004000309300001000349503010700359504002100466650002400487650002400511650002900535650004100564650001900605700003100624700003100655Z_6500CHAP220113s2007 xx 000 0 und d a169766 a978-0-9555011-1-1 cCHAP a637.541 C68 aCoutts, Jeffrey A. aManual práctico de calidad del huevo /cJeffrey A. Coutts y Graham C. Wilson; revisión de esta versión Sergio Fernández...[et. al.] arevisión versión 2007 aInglaterra :b5M Publishing,c2007 a65 p. aej.1: donación \ ej.2: donación \ ej.3: donación \ ej.4: donación 2018 \ ej.5: donación 2018 aIncluye índice aCáscara del huevo aHuevos xx Calidad aHuevos xx Producción aPollos xx Alimentacion y alimentos aYema del huevo a Fernández, Sergio, rev. aWilson, Graham C., coaut.